000 00287nam a2200121 i 4500
001 bg
245 0 _aMechanika konstrukcij iz kompozicionnych materialow.
260 _aNowosibirsk,
_c1984.
040 _cBPK
041 _apol
942 _cKS
008 s pl f |000 0 pol
999 _c22960
_d22960
856 _uhttp://koha.tu.koszalin.pl/cgi-bin/koha/opac-detail.pl?biblionumber=22960
_yKatalog online BPK